000 00290nam a22001217a 4500
008 170519b xxu||||| |||| 00| 0 eng d
041 _aeng
080 _a94
100 _a16
101 _aSHH
245 _aBRADFORD'S HISTORY OF PLYMOUTH PLANTATION 1606-1646
_cDAVIS, W.T
942 _2udc
_cBK
999 _c13534
_d13534